[Event "IECG CP.2005.P.00136"]
[Site "IECG email"]
[Date "2005.10.01"]
[Round "?"]
[White "Milde, Lars"]
[Black "Sampaio de Albuquerque, W Jr"]
[Result "1-0"]
[WhiteElo "1816"]
[BlackElo "2098"]
[PlyCount "49"]
[EventDate "2005.10.01"]
[EventType "tourn (corr)"]
[EventRounds "6"]
[SourceTitle "Corr 2008"]
[Source "ChessBase"]
[SourceDate "2008.06.24"]
[SourceVersion "1"]
[SourceVersionDate "2008.06.24"]
[SourceQuality "1"]

1. e4 c5 2. Nf3 d6 3. d4 cxd4 4. Nxd4 Nf6 5. Nc3 a6 6. Be3 e6 7. f3 b5 8. Qd2 Nbd7 9. g4 Nb6 10. 0-0-0 Nfd7 11. Kb1 Bb7 12. Bg5 Qc8 13. Bd3 b4 14. Nce2 Nc4 15. Qxb4 Nce5 16. Qa4 Rb8 17. Nc3 Ba8 18. Ka1 Qb7 19. Nb3 Nxf3 20. Bxa6 Qa7 21. Bf4 e5 22. Bg3 h5 23. gxh5 Rxh5 24. Rhf1 Ng5 25. Nb5 1-0

[Event "IECG CP.2005.P.00136"]
[Site "IECG email"]
[Date "2005.10.01"]
[Round "?"]
[White "Stassen, Walter"]
[Black "Sampaio de Albuquerque, W Jr"]
[Result "0-1"]
[WhiteElo "2134"]
[BlackElo "2098"]
[PlyCount "50"]
[EventDate "2005.10.01"]
[EventType "tourn (corr)"]
[EventRounds "6"]
[SourceTitle "Corr 2008"]
[Source "ChessBase"]
[SourceDate "2008.06.24"]
[SourceVersion "1"]
[SourceVersionDate "2008.06.24"]
[SourceQuality "1"]

1. d4 Nf6 2. Nf3 e6 3. Bf4 b6 4. e3 Bb7 5. Nbd2 Be7 6. Bd3 Nh5 7. Bg3 d6 8. c3 Nd7 9. Qc2 h6 10. 0-0-0 c5 11. dxc5 bxc5 12. e4 Qc7 13. Nc4 Nxg3 14. hxg3 Bc6 15. Qe2 0-0-0 16. Rd2 Rhe8 17. Qd1 d5 18. exd5 exd5 19. Ne3 Nb6 20. Kb1 Kb8 21. Qf1 Bf6 22. Ng4 Qd6 23. Ka1 d4 24. Bb5 Qe6 25. Nxf6 dxc3 0-1